Statistiques concernant Geometry Dash - Difficulté des niveaux officiels

Cliquez ici pour prendre le quiz!

Statistiques générales

  • Ce quiz a été pris 181 fois
  • Le résultat moyen est 9 sur 21

Statistiques - réponses

NiveauDifficulté% Correct
HEXAGON FORCEInsane
92%
XSTEPInsane
84%
BACK ON TRACKEasy
82%
CANT LET GOHard
81%
JUMPERHarder
81%
THEORY OF EVERYTHINGInsane
79%
CLUTTERFUNKInsane
69%
BASE AFTER BASEHard
68%
STEREO MADNESSEasy
63%
TIME MACHINEHarder
61%
CLUBSTEPDemon
35%
ELECTROMAN ADVENTURESInsane
27%
GEOMETRICAL DOMINATORHarder
20%
DRY OUTMedium
17%
CYCLESHarder
9%
FINGERDASHInsane
9%
DEADLOCKEDDemon
8%
ELECTRODYNAMIXInsane
8%
POLARGEISTMedium
8%
THEORY OF EVERYTHING 2Demon
7%
BLAST PROCESSINGHarder
4%

Distribution des résultats

Percentile par nombre de réponses

% des personnes avec chaque résultat

Votre développement - résultats

Vous n’avez pas pris ce quiz